000 00467nam a22001817a 4500
003 OSt
008 251215b |||||||| |||| 00| 0 eng d
082 _a631.53
_bS48C
100 _aSingh, P. N.
245 _aCombining Ability and Heritability Studies in Wheat (Triticum aestivum L.)
260 _a.- Pusa, Samastipur
_b: RAU
_c, 1990
300 _a87p.
650 _aPlant Breeding
650 _aWheat
650 _aThesis
650 _aM. Sc.
942 _2ddc
_cT
999 _c49451
_d49451